banner-ar

هنريك ابسن وميلاد النزعة الى الحداثة : (Record no. 65144)

MARC details
000 -الفاتح
حقل البيانات ثابتة الطول 01078nam a22002537a 4500
005 - وقت وتاريخ اخر تعامل مع التسجيلة
رقم الضبط 20240530110809.0
008 - عناصر البيانات ثابتة الطول - معلومات عامة
حقل البيانات ثابتة الطول 190115s2007 ua a g 000 0 ara d
017 ## - رقم الايداع القانونى
رقم الايداع القانونى 2007/23926
المصدر ( الهيئة المختصة) مصر. دار الكتب
020 ## - الرقم الدولى المعيارى للكتب
الرقم الدولى المعيارى للكتاب 9774375262
040 ## - مصدر الفهرسة
وكالة الفهرسة الأصلية EG-CaGPL
وكالة النسخ EG-CaGPL
082 04 - رقم تصنيف ديوى العشرى
رقم الطبعة 21
رقم التصنيف 792.09 /
رقم المادة م هـ
100 1# - المدخل الرئيسى - إسم شخصى
الإسم الشخصى موى ، توريل
245 10 - بيان العنوان
العنوان هنريك ابسن وميلاد النزعة الى الحداثة :
بقية العنوان الفن والمسرح والفلسفة /
بيان المسئوليه,etc تأليف توريل موى ؛ ترجمة جمال عبدالمقصود ؛ مراجعة محمد ابوالخير
250 ## - بيان الطبعة
بيان الطبعة ط.1
260 ## - PUBLICATION, DISTRIBUTION, ETC. (IMPRINT)
تاريخ النشر أو التوزيع 2007.
300 ## - الوصف المادى
التعداد 790 ص. :
تفاصيل ماديه اخرى للوعاء ايض ؛
أبعاد الوعاء 24 سم.
600 0# - المدخل الاضافى بالموضوع-اسم شخصى
الإسم الشخصى هنريك ابسن
650 07 - المدخل الاضافى بالموضوع-مصطلح موضوعى
مصدر الرأس أو المصطلح qrmak
مصطلح موضوعي المسرح
651 ## - المدخل الاضافى بالموضوع - اسم جغرافى
مصدر الرأس أو المصطلح qrmak
700 0# - المدخل الاضافى - اسم شخصى
الإسم الشخصى جمال عبدالمقصود
الدور مترجم
700 0# - المدخل الاضافى - اسم شخصى
الإسم الشخصى محمد ابوالخير
الدور مراجع
942 ## - عناصر المدخل الإضافي( كوها)
مصدر التصنيف او مخطط الترفيف Dewey Decimal Classification
Koha [default] item type كتاب
260 ## - PUBLICATION, DISTRIBUTION, ETC. (IMPRINT)
-- القاهرة :
-- وزارة الثقافة : مهرجان القاهرة الدولى للمسرح التجريبى،
Holdings
حالة التراجع حالة الفقد حالة تلف ليس للاعارة المكان المؤقت الموقع الحالى موقع الترفيف تاريخ الاكتساب اجمالي اﻻعارات رقم الطلب الباركود تاريخ اخر مشاهدة تاريخ تفعيل السعر نوع وعاء كوها
        مكتبة القاهرة الكبرى مكتبة القاهرة الكبرى   04/06/2019   792.09 / م هـ 165768 04/06/2019 04/06/2019 كتاب

Powered By

EGPV